logo

Bir Sreshtho Munshi Abdur Rouf Library
Jhenaidah Cadet College

Introduction to mathematical statistics / (Record no. 8862)

MARC details
000 -LEADER
fixed length control field 00805cam a22002771 4500
001 - CONTROL NUMBER
JCCL Control Number 8862
003 - CONTROL NUMBER IDENTIFIER
JCCL marc code BD-JhCC
005 - DATE AND TIME OF LATEST TRANSACTION
control field 20180714175243.0
008 - FIXED-LENGTH DATA ELEMENTS--GENERAL INFORMATION
fixed length control field 730104s1959 nyua 000 0 eng
020 ## - INTERNATIONAL STANDARD BOOK NUMBER
International Standard Book Number 0029789907
035 ## - SYSTEM CONTROL NUMBER
system control number (BD-JhCC)8862
040 ## - CATALOGING SOURCE
Original cataloging agency DLC
Transcribing agency ODaWU
Modifying agency OCoLC
-- Uk
-- DLC
-- BD-JhCC
041 ## - LANGUAGE CODE
Language code of Book eng
050 00 - LIBRARY OF CONGRESS CALL NUMBER
Classification number QA276
Item number .H59
082 ## - DEWEY DECIMAL CLASSIFICATION NUMBER
Classification number 519.9
Author mark and Year HOG 1959
100 1# - MAIN ENTRY--PERSONAL NAME
Personal name Hogg, Robert V.
245 10 - TITLE STATEMENT
Title Introduction to mathematical statistics /
Statement of responsibility, etc [by] Robert V. Hogg & Allen T. Craig.
250 ## - EDITION STATEMENT
Edition statement 4th ed.
260 ## - PUBLICATION, DISTRIBUTION, ETC. (IMPRINT)
Place of publication, distribution, etc New York,
Name of publisher, distributor, etc Macmillan,
Date of publication, distribution, etc [1959]
300 ## - PHYSICAL DESCRIPTION
Pagination 245 p.
Other physical details illus.
Dimensions 24 cm.
440 #2 -
Title A Series of mathematics texts
650 #0 - SUBJECT ADDED ENTRY--TOPICAL TERM
Topical term or geographic name as entry element Mathematical statistics.
700 1# - ADDED ENTRY--PERSONAL NAME
Personal name Craig, Allen T.
Fuller form of name (Allen Thornton),
Dates associated with a name 1905-
942 ## - ADDED ENTRY ELEMENTS (KOHA)
Source of classification or shelving scheme Dewey Decimal Classification
Koha item type Books
Holdings
Source of classification or shelving scheme Damaged status Not for loan Home library Current library Shelving location Total Checkouts Full call number Barcode Date last seen Copy number Koha item type
Dewey Decimal Classification     JCC Rouf Library JCC Rouf Library General Stacks   519.9 HOG 1959 11879 03/05/2018 C - 1 Books

JCC Library | Contacts | JCC Home

Last Update on 23 September 2017
Copyright @ 2017-2020 JCC Rouf Library
Rouf Library, Jhenidah Cadet College (JCC), Bangladesh